000
00313nam a2200133Ia 4500
005
20260328104248.0
008
260328s9999||||xx |||||||||||||| ||und||
100
_a
Campo, Cristian
245
4
_a
The Graffiti Wall /
_c
Cristian Campo
260
_b
Promopress
300
_a
191 p.
650
_a
DIBUJO
942
_c
BK
999
_c
10140
_d
10140